[Event "22nd ECCC Women 2017"]
[Site "Antalya"]
[Date "2017.10.09"]
[Round "2"]
[White "Klinova, Masha"]
[Black "Yildiz, Betul Cemre"]
[Result "1/2-1/2"]
[WhiteElo "2289"]
[BlackElo "2350"]
[Annotator "NA"]
[PlyCount "72"]
[EventType "team-tourn"]
[EventCountry "TUR"]
[SourceTitle "playchess.com"]
[Source "ChessBase"]
[SourceQuality "1"]
[WhiteTeam "Beer Sheva"]
[BlackTeam "Anatolia"]
[TimeControl "40/5400+30:1800+30"]

1. e4 e5 2. Nf3 Nc6 3. Bb5 a6 4. Bxc6 dxc6 5. d4 exd4 {[%emt 0:02:00]} 6. Qxd4 {[%emt 0:02:00]} Qxd4 {[%emt 0:03:30]} 7. Nxd4 {[%emt 0:00:30]} Bd7 {[%emt 0:00:30]} 8. Nc3 {[%emt 0:00:30]} O-O-O {[%emt 0:01:30]} 9. Be3 {[%emt 0:02:30]} Bb4 {[%emt 0:04:30]} 10. Nde2 {[%emt 0:11:30]} Re8 {[%emt 0:11:30]} 11. O-O-O {[%emt 0:06:30]} f5 {[%emt 0:07:30]} 12. Bd4 {[%emt 0:14:30] LiveBook: 4 Games} Nf6 {[%emt 0:10:30]} 13. e5 {[%emt 0:09:30]} Ng4 {[%emt 0:00:30]} 14. f4 {[%emt 0:03:30]} Rhg8 {[%emt 0:00:30]} 15. h3 {[%emt 0:01:30]} Nh6 {[%emt 0:00:30]} 16. Be3 $11 {[%emt 0:06:30]} g5 {[%emt 0:06:30]} 17. g3 {[%emt 0:07:30]} Nf7 {[%emt 0:05:30]} 18. Rhg1 {[%emt 0:01:30]} Nd8 {[%emt 0:04:30]} 19. a3 {[%emt 0:02:30]} Bf8 {[%emt 0:08:30]} 20. Nd4 {[%emt 0:02:30]} Bh6 {[%emt 0:02:30]} 21. Bd2 {[%emt 0:11:18]} Rg6 {[%emt 0:09:30]} 22. Rde1 {[%emt 0:07:19]} gxf4 {[%emt 0:05:55]} 23. gxf4 {[%emt 0:01:08]} Reg8 {[%emt 0:00:24]} 24. Rxg6 {[%emt 0:02:39]} Rxg6 {[%emt 0:00:21]} 25. Nce2 {[%emt 0:02:50]} Be6 {[%emt 0:10:14]} 26. Rg1 {[%emt 0:01:26]} c5 {[%emt 0:02:09]} 27. Nxe6 {[%emt 0:01:37]} Nxe6 {[%emt 0:02:06]} 28. Rxg6 {[%emt 0:00:47]} hxg6 {[%emt 0:00:30]} 29. c4 {[%emt 0:00:30]} Kd7 {[%emt 0:00:30]} 30. Kc2 {[%emt 0:00:30]} c6 {[%emt 0:00:30]} 31. Kd3 {[%emt 0:00:30]} b5 {[%emt 0:00:30]} 32. b3 {[%emt 0:00:30]} Nd8 {[%emt 0:00:30]} 33. Be3 {[%emt 0:00:30]} Ne6 {[%emt 0:02:30]} 34. Bd2 {[%emt 0:00:00]} Nd8 {[%emt 0:00:51]} 35. Be3 {[%emt 0:00:00]} Ne6 {[%emt 0:00:48]} 36. Bd2 {[%emt 0:00:00]} Nd8 {[%emt 0:00:08]} 1/2-1/2

[Event "22nd ECCC Women 2017"]
[Site "Antalya"]
[Date "2017.10.11"]
[Round "2"]
[White "Stetsko, Lanita"]
[Black "Dragomirescu, Angela"]
[Result "1/2-1/2"]
[WhiteElo "2254"]
[BlackElo "2231"]
[Annotator "ChessBase"]
[PlyCount "134"]
[EventType "team-tourn"]
[EventCountry "TUR"]
[WhiteTeam "Bossa Nova"]
[BlackTeam "Timisoara"]
[TimeControl "40/5400+30:1800+30"]

1. e4 {[%emt 0:00:30]} d5 {[%emt 0:01:00]} 2. exd5 {[%emt 0:00:30]} Qxd5 {[%emt 0:00:00]} 3. Nc3 {[%emt 0:00:00]} Qd6 {[%emt 0:00:00]} 4. d4 {[%emt 0:03:00]} Nf6 {[%emt 0:01:30]} 5. Nf3 {[%emt 0:00:30]} c6 {[%emt 0:01:30]} 6. h3 {[%emt 0:07:30]} Bf5 {[%emt 0:03:30]} 7. Bc4 {[%emt 0:01:30]} Nbd7 {[%emt 0:08:30]} 8. O-O {[%emt 0:15:30]} e6 {[%emt 0:24:30]} 9. Bb3 {[%emt 0:18:30]} Be7 {[%emt 0:02:30]} 10. Ne2 {[%emt 0:00:30]} h6 {[%emt 0:08:30]} 11. Bf4 {[%emt 0:04:30]} Qb4 {[%emt 0:01:30]} 12. c4 {[%emt 0:05:30]} O-O {[%emt 0:00:30]} 13. Ng3 {[%emt 0:05:30]} Bh7 {[%emt 0:01:30]} 14. Re1 {[%emt 0:01:30]} Rfe8 {[%emt 0:01:30]} 15. Bc7 {[%emt 0:06:30]} Bd8 {[%emt 0:03:30]} 16. a3 {[%emt 0:00:00]} Qf8 {[%emt 0:01:30]} 17. Bf4 {[%emt 0:03:00]} Rc8 {[%emt 0:11:30]} 18. Ne5 {[%emt 0:02:30]} Ba5 {[%emt 0:07:24]} 19. Re2 {[%emt 0:02:37]} Red8 {[%emt 0:01:44]} 20. Bc2 {[%emt 0:02:15]} Bb6 {[%emt 0:08:08]} 21. Bxh7+ {[%emt 0:01:09]} Nxh7 {[%emt 0:01:15]} 22. Rd2 {[%emt 0:00:31]} Nhf6 {[%emt 0:02:55]} 23. Qf3 {[%emt 0:01:26]} Nxe5 {[%emt 0:01:23]} 24. dxe5 {[%emt 0:06:18]} Rxd2 {[%emt 0:00:36]} 25. Bxd2 {[%emt 0:00:03]} Nd7 {[%emt 0:00:59]} 26. Bc3 {[%emt 0:01:13]} Bc7 {[%emt 0:02:38]} 27. Re1 {[%emt 0:01:05]} Rd8 {[%emt 0:00:38]} 28. Qg4 {[%emt 0:01:19]} Kh8 {[%emt 0:01:17]} 29. Nh5 {[%emt 0:03:07]} a5 {[%emt 0:00:24]} 30. Rd1 {[%emt 0:01:51]} g6 {[%emt 0:02:29]} 31. Ng3 {[%emt 0:00:22]} Nc5 {[%emt 0:00:33]} 32. Rxd8 {[%emt 0:05:07]} Qxd8 {[%emt 0:00:30]} 33. Qf4 {[%emt 0:00:06]} Kg7 {[%emt 0:00:35]} 34. Bd2 {[%emt 0:00:26]} Qg5 {[%emt 0:00:27]} 35. Qxg5 {[%emt 0:01:00]} hxg5 {[%emt 0:00:01]} 36. b4 {[%emt 0:00:30]} axb4 {[%emt 0:00:40]} 37. axb4 {[%emt 0:00:02]} Nd3 {[%emt 0:00:00]} 38. Bxg5 {[%emt 0:00:44]} Nxb4 {[%emt 0:01:19]} 39. Bf6+ {[%emt 0:01:03]} Kf8 {[%emt 0:00:03]} 40. Ne2 {[%emt 0:00:00]} Nd3 {[%emt 0:01:32]} 41. f4 {[%emt 0:07:16]} Bb6+ {[%emt 0:03:30]} 42. Kh2 {[%emt 0:04:30]} Nb2 {[%emt 0:00:30]} 43. g4 {[%emt 0:00:30]} Nxc4 {[%emt 0:00:30]} 44. h4 {[%emt 0:00:00]} Ne3 {[%emt 0:12:36]} 45. Kg3 {[%emt 0:01:38]} Nd5 {[%emt 0:01:13]} 46. Bg5 {[%emt 0:00:10]} Kg7 {[%emt 0:08:24]} 47. h5 {[%emt 0:04:19]} gxh5 {[%emt 0:00:30]} 48. gxh5 {[%emt 0:00:00]} Bc5 {[%emt 0:00:21]} 49. Kf3 {[%emt 0:02:41]} b5 {[%emt 0:01:30]} 50. f5 {[%emt 0:03:35]} exf5 {[%emt 0:03:24]} 51. Ng3 {[%emt 0:00:16]} f4 {[%emt 0:00:15]} 52. Nf5+ {[%emt 0:06:38]} Kh7 {[%emt 0:00:07]} 53. Bxf4 {[%emt 0:00:55]} b4 {[%emt 0:01:59]} 54. Bc1 {[%emt 0:00:45]} Nc3 {[%emt 0:01:10]} 55. Nd6 {[%emt 0:01:07]} Kg8 {[%emt 0:00:45]} 56. h6 {[%emt 0:00:44]} Bd4 {[%emt 0:00:31]} 57. h7+ {[%emt 0:03:06]} Kxh7 {[%emt 0:00:30]} 58. Nxf7 {[%emt 0:00:00]} Kg6 {[%emt 0:00:44]} 59. e6 {[%emt 0:00:37]} Nd5 {[%emt 0:00:24]} 60. Ke4 {[%emt 0:00:39]} Bf6 {[%emt 0:00:22]} 61. Ne5+ {[%emt 0:01:23]} Bxe5 {[%emt 0:00:20]} 62. Kxe5 {[%emt 0:00:00]} b3 {[%emt 0:00:47]} 63. Kd6 {[%emt 0:00:00]} Kf5 {[%emt 0:00:36]} 64. Kxc6 {[%emt 0:00:47]} Kxe6 {[%emt 0:00:08]} 65. Kc5 {[%emt 0:00:05]} Nf4 {[%emt 0:00:27]} 66. Kc4 {[%emt 0:00:10]} Ne2 {[%emt 0:00:51]} 67. Kxb3 {[%emt 0:00:41]} Ke5 {[%emt 0:00:11]} 1/2-1/2

[Event "22nd ECCC Women 2017"]
[Site "Antalya"]
[Date "2017.10.09"]
[Round "2"]
[White "Isgandarova, Khayala"]
[Black "Brusilovski, Lena"]
[Result "1/2-1/2"]
[WhiteElo "2242"]
[BlackElo "1881"]
[Annotator "NA"]
[PlyCount "89"]
[EventType "team-tourn"]
[EventCountry "TUR"]
[SourceTitle "playchess.com"]
[Source "ChessBase"]
[SourceQuality "1"]
[WhiteTeam "Anatolia"]
[BlackTeam "Beer Sheva"]
[TimeControl "40/5400+30:1800+30"]

1. e4 c5 2. Nf3 d6 3. d4 cxd4 4. Nxd4 {[%emt 0:01:00]} Nf6 {[%emt 0:03:30]} 5. f3 {[%emt 0:00:00]} Nc6 {[%emt 0:01:30]} 6. c4 {[%emt 0:05:00]} a6 {[%emt 0:03:30]} 7. Nc3 {[%emt 0:00:30] B55: Sicilian: 2...d6 3 d4 cxd4 4 Nxd4 Nf6 5 f3} e6 {[%emt 0:05:30]} (7... g6 8. Be3 Bg7 9. Qd2 O-O 10. Be2 Bd7 11. O-O Ne8 12. Rfd1 Nxd4 13. Bxd4 Bxd4+ 14. Qxd4 Nc7 15. Qb6 Ne6 16. Nd5 Qxb6+ 17. Nxb6 Rad8 18. e5 Bc6 19. exd6 Rxd6 20. Rxd6 exd6 {½-½ (59) Drazic,S (2422)-Belous,M (2191) Krakow 2015}) 8. Nc2 {[%emt 0:03:30]} Qc7 {[%emt 0:03:30]} 9. Be3 {[%emt 0:03:30]} Ne5 {[%emt 0:04:30]} 10. Qd4 {[%emt 0:07:30]} Be7 {[%emt 0:02:30]} 11. Be2 {[%emt 0:00:30]} Bd7 {[%emt 0:02:30]} 12. Rc1 {[%emt 0:02:30]} Rc8 {[%emt 0:01:30]} 13. Na3 {[%emt 0:02:30]} O-O {[%emt 0:02:30]} 14. O-O {[%emt 0:00:00]} Rfd8 $146 {[%emt 0:01:30]} ({Predecessor:} 14... Bc6 15. b4 Rfd8 16. Nd5 exd5 17. cxd5 Qb8 18. dxc6 Nxc6 19. Qb6 Nd7 {0-1 (19) Schlensker,P-Niephaus,W Bad Nauheim 1948}) 15. Rfd1 {[%emt 0:08:00]} Be8 {[%emt 0:04:30]} 16. Qd2 {[%emt 0:05:30]} Nfd7 {[%emt 0:02:30]} 17. f4 {[%emt 0:05:30]} Nc6 {[%emt 0:01:30]} 18. Bf1 {[%emt 0:15:30]} Nc5 {[%emt 0:04:30]} 19. Qf2 {[%emt 0:02:30]} b6 {[%emt 0:01:30]} 20. Nab1 {[%emt 0:02:30]} Nb8 {[%emt 0:06:30]} 21. b4 {[%emt 0:01:30]} Ncd7 {[%emt 0:01:30]} 22. Na4 {[%emt 0:07:30]} Nc5 {[%emt 0:01:30]} 23. bxc5 {[%emt 0:01:30]} Bxa4 {[%emt 0:00:00]} 24. cxd6 {[%emt 0:02:30]} Bxd6 {[%emt 0:02:00]} 25. Bxb6 {[%emt 0:03:30]} Qc6 {[%emt 0:00:30]} 26. Rd2 {[%emt 0:00:56]} Nd7 {[%emt 0:02:30] [#]} 27. Rxd6 $1 {[%emt 0:02:53]} Qxd6 $16 {[%emt 0:00:30]} 28. Bxd8 {[%emt 0:01:00]} Rxd8 {[%emt 0:00:00]} 29. c5 {[%emt 0:02:15]} Qc6 {[%emt 0:01:00]} 30. Qd4 {[%emt 0:06:37]} Rc8 {[%emt 0:01:30]} 31. Kh1 {[%emt 0:03:23]} Nxc5 {[%emt 0:02:30]} 32. Nd2 {[%emt 0:00:22]} h6 {[%emt 0:08:30]} 33. Nf3 {[%emt 0:04:33]} Bb5 {[%emt 0:04:30]} 34. Ne5 {[%emt 0:01:03]} Qe8 {[%emt 0:03:30]} 35. Bxb5 {[%emt 0:00:35]} Qxb5 {[%emt 0:01:30]} 36. Nd3 {[%emt 0:00:43]} Nxd3 {[%emt 0:00:30]} 37. Rxc8+ {[%emt 0:00:06]} Kh7 {[%emt 0:00:00]} 38. g3 {[%emt 0:01:23]} Qb1+ {[%emt 0:00:00]} 39. Kg2 {[%emt 0:00:00]} Qxa2+ {[%emt 0:00:30]} 40. Kg1 {[%emt 0:00:00]} Qe2 {[%emt 0:01:30]} 41. Rd8 {[%emt 0:09:11]} Ne1 {[%emt 0:00:30]} 42. Qf2 {[%emt 0:00:30]} Nf3+ {[%emt 0:00:30]} 43. Kg2 {[%emt 0:00:00]} Ne1+ {[%emt 0:00:30]} 44. Kg1 {[%emt 0:00:00]} Nf3+ {[%emt 0:00:30]} 45. Kg2 {[%emt 0:00:30]} 1/2-1/2

[Event "22nd ECCC Women 2017"]
[Site "Antalya"]
[Date "2017.10.11"]
[Round "2"]
[White "Okuyaz, Duru"]
[Black "Sahin, Handenur"]
[Result "1/2-1/2"]
[WhiteElo "2233"]
[BlackElo "1960"]
[Annotator "ChessBase"]
[PlyCount "123"]
[EventType "team-tourn"]
[EventCountry "TUR"]
[WhiteTeam "Marmara"]
[BlackTeam "Aegean"]
[TimeControl "40/5400+30:1800+30"]

1. e4 e5 2. Nf3 Nc6 3. Bb5 Nge7 4. O-O g6 5. c3 a6 6. Bxc6 {[%emt 0:01:00]} Nxc6 {[%emt 0:02:30]} 7. d4 {[%emt 0:00:30]} d6 {[%emt 0:01:30]} 8. Bg5 {[%emt 0:03:30]} Be7 {[%emt 0:08:30]} 9. Bh6 {[%emt 0:06:30]} Bg4 {[%emt 0:08:30]} 10. d5 {[%emt 0:07:30]} Nb8 {[%emt 0:06:30]} 11. h3 {[%emt 0:05:30]} Bxf3 {[%emt 0:04:30]} 12. Qxf3 {[%emt 0:00:30]} Bg5 {[%emt 0:02:30]} 13. Bxg5 {[%emt 0:03:30]} Qxg5 {[%emt 0:00:30]} 14. c4 {[%emt 0:04:30]} Nd7 {[%emt 0:03:30]} 15. Qg4 {[%emt 0:04:30]} Qxg4 {[%emt 0:10:30]} 16. hxg4 {[%emt 0:00:00]} Nf6 {[%emt 0:00:00]} 17. f3 {[%emt 0:03:00]} h5 {[%emt 0:03:00]} 18. gxh5 {[%emt 0:02:30]} Nxh5 {[%emt 0:00:30]} 19. Nc3 {[%emt 0:01:30]} b6 {[%emt 0:04:30]} 20. b4 {[%emt 0:08:30]} Kd7 {[%emt 0:06:30]} 21. c5 {[%emt 0:05:30]} Nf4 {[%emt 0:05:30]} 22. cxd6 {[%emt 0:08:30]} cxd6 {[%emt 0:00:30]} 23. g3 {[%emt 0:14:53]} Nd3 {[%emt 0:13:56]} 24. Na4 {[%emt 0:04:39]} Rab8 {[%emt 0:02:15]} 25. Rad1 {[%emt 0:04:31]} Nxb4 {[%emt 0:03:35]} 26. Rb1 {[%emt 0:00:29]} b5 {[%emt 0:02:02]} 27. Rxb4 {[%emt 0:00:09]} a5 {[%emt 0:01:57]} 28. Rbb1 {[%emt 0:06:47]} bxa4 {[%emt 0:00:08]} 29. f4 {[%emt 0:00:04]} exf4 {[%emt 0:02:20]} 30. gxf4 {[%emt 0:00:15]} Rb4 {[%emt 0:01:54]} 31. e5 {[%emt 0:03:32]} Rh5 {[%emt 0:01:39]} 32. Rxb4 {[%emt 0:02:26]} axb4 {[%emt 0:00:03]} 33. Rb1 {[%emt 0:01:05]} dxe5 {[%emt 0:03:38]} 34. Rxb4 {[%emt 0:00:48]} exf4 {[%emt 0:00:12]} 35. Rxf4 {[%emt 0:00:20]} Rxd5 {[%emt 0:00:32]} 36. Rxf7+ {[%emt 0:00:23]} Ke6 {[%emt 0:00:37]} 37. Rf2 {[%emt 0:00:21]} Ke5 {[%emt 0:00:28]} 38. Kg2 {[%emt 0:00:30]} Rd3 {[%emt 0:00:30]} 39. Re2+ {[%emt 0:00:30]} Kf5 {[%emt 0:00:30]} 40. Rb2 {[%emt 0:00:00]} g5 {[%emt 0:01:44]} 41. Rb5+ {[%emt 0:04:48]} Kg6 {[%emt 0:00:30]} 42. Rb6+ {[%emt 0:02:30]} Kh5 {[%emt 0:00:30]} 43. Rb2 {[%emt 0:00:00]} a3 {[%emt 0:03:30]} 44. Rc2 {[%emt 0:00:00]} Kh4 {[%emt 0:02:30]} 45. Rc4+ {[%emt 0:01:30]} g4 {[%emt 0:00:30]} 46. Rc2 {[%emt 0:00:00]} Rd1 {[%emt 0:00:30]} 47. Rc3 {[%emt 0:05:00]} Rd2+ {[%emt 0:00:30]} 48. Kg1 {[%emt 0:00:00]} Rxa2 {[%emt 0:00:00]} 49. Rb3 {[%emt 0:01:00]} Ra1+ {[%emt 0:08:00]} 50. Kg2 {[%emt 0:00:00]} a2 {[%emt 0:00:30]} 51. Ra3 {[%emt 0:01:00]} Kg5 {[%emt 0:00:30]} 52. Ra5+ {[%emt 0:01:30]} Kf4 {[%emt 0:00:30]} 53. Ra4+ {[%emt 0:00:30]} Ke3 {[%emt 0:00:30]} 54. Ra3+ {[%emt 0:00:30]} Kd4 {[%emt 0:00:30]} 55. Ra8 {[%emt 0:00:30]} Kc5 {[%emt 0:00:00]} 56. Ra5+ {[%emt 0:00:30]} Kb4 {[%emt 0:01:00]} 57. Ra8 {[%emt 0:00:30]} Kb3 {[%emt 0:00:00]} 58. Rb8+ {[%emt 0:00:30]} Ka4 {[%emt 0:00:00]} 59. Ra8+ {[%emt 0:00:00]} Kb5 {[%emt 0:00:30]} 60. Rb8+ {[%emt 0:00:00]} Ka6 {[%emt 0:00:30]} 61. Ra8+ {[%emt 0:00:30]} Kb7 {[%emt 0:00:00]} 62. Ra3 {[%emt 0:00:30]} 1/2-1/2

[Event "22nd ECCC Women 2017"]
[Site "Antalya"]
[Date "2017.10.09"]
[Round "2"]
[White "Haussernot, Cecile"]
[Black "Ince, Safiye Oyku"]
[Result "1-0"]
[WhiteElo "2169"]
[BlackElo "1861"]
[Annotator "NA"]
[PlyCount "81"]
[EventType "team-tourn"]
[EventCountry "TUR"]
[SourceTitle "playchess.com"]
[Source "ChessBase"]
[SourceQuality "1"]
[WhiteTeam "Mulhouse Philidor"]
[BlackTeam "Mediterranean"]
[TimeControl "40/5400+30:1800+30"]

1. e4 c5 2. Nf3 e6 3. d4 cxd4 4. Nxd4 Nc6 5. Nc3 Qc7 6. Be3 a6 7. a3 Nf6 8. f4 d6 9. Qf3 {[%emt 0:00:30]} Nxd4 {[%emt 0:05:00] B82: Sizilianisch (Scheveninger System)} 10. Bxd4 {[%emt 0:00:30]} e5 {[%emt 0:00:00]} (10... b5 11. Bd3 Bb7 12. Bxf6 gxf6 13. f5 Be7 14. O-O Qc5+ 15. Kh1 h5 16. fxe6 fxe6 17. a4 {1-0 (32) Grischuk,A (2783)-Cori Tello,J (2641) Tbilisi 2017}) 11. fxe5 {[%emt 0:01:30]} dxe5 {[%emt 0:00:00]} 12. Qg3 {[%emt 0:00:00]} Bd6 {[%emt 0:21:30]} 13. Qxg7 {[%emt 0:04:00]} exd4 {[%emt 0:00:30]} 14. Qxh8+ {[%emt 0:05:30]} Ke7 {[%emt 0:00:30]} 15. Qxf6+ {[%emt 0:00:30]} Kxf6 {[%emt 0:01:30]} 16. Nd5+ {[%emt 0:00:00]} Ke5 {[%emt 0:00:00]} 17. Nxc7 {[%emt 0:00:00]} Bxc7 {[%emt 0:00:00]} 18. Bd3 $146 {[%emt 0:00:30]} ({Vorgänger:} 18. O-O-O Kxe4 19. Bd3+ {1-0 (19) Lindroos,R-Tuominen,R Finland 1970}) 18... Be6 {[%emt 0:00:00]} 19. O-O {[%emt 0:00:30]} Rg8 {[%emt 0:01:00]} 20. Rf3 {[%emt 0:00:30]} Bd8 {[%emt 0:01:30]} 21. Raf1 {[%emt 0:01:30]} Rg7 {[%emt 0:01:30]} 22. Kh1 {[%emt 0:05:30]} Be7 {[%emt 0:06:30]} 23. b4 {[%emt 0:14:30]} b5 $18 {[%emt 0:06:30]} 24. c3 {[%emt 0:04:30]} dxc3 {[%emt 0:07:30]} 25. Bc2 {[%emt 0:01:30]} a5 {[%emt 0:09:30]} 26. bxa5 {[%emt 0:07:30]} Bxa3 {[%emt 0:00:30]} 27. Rxc3 {[%emt 0:00:30]} Bb4 {[%emt 0:00:30]} 28. Rc6 {[%emt 0:01:30]} Bxa5 {[%emt 0:01:30]} 29. Rc5+ {[%emt 0:00:30]} Kd4 {[%emt 0:04:30]} 30. Rxb5 {[%emt 0:00:00]} Bc4 {[%emt 0:01:30]} 31. Rd1+ {[%emt 0:01:00]} Kc3 {[%emt 0:00:00]} 32. Rxa5 {[%emt 0:00:00]} Kxc2 {[%emt 0:00:00]} 33. Raa1 {[%emt 0:01:00]} Rg5 {[%emt 0:04:30]} 34. Rac1+ {[%emt 0:01:30]} Kb3 {[%emt 0:00:30]} 35. Rd7 {[%emt 0:00:00]} Be6 {[%emt 0:05:30]} 36. Rb7+ {[%emt 0:00:00]} Ka2 {[%emt 0:00:00]} 37. Rc6 {[%emt 0:02:30]} Ra5 {[%emt 0:01:00]} 38. Kg1 {[%emt 0:00:30]} Ra4 {[%emt 0:02:30]} 39. Kf2 {[%emt 0:01:30]} Ka3 {[%emt 0:00:30]} 40. Ke3 {[%emt 0:01:30]} Ra8 {[%emt 0:01:30]} 41. Rxe6 {[%emt 0:00:30]} 1-0

[Event "22nd ECCC Women 2017"]
[Site "Antalya"]
[Date "2017.10.11"]
[Round "2"]
[White "Hereklioglu, Sude"]
[Black "Celik, Eda"]
[Result "1-0"]
[WhiteElo "2165"]
[BlackElo "1880"]
[Annotator "ChessBase"]
[PlyCount "107"]
[EventType "team-tourn"]
[EventCountry "TUR"]
[WhiteTeam "Marmara"]
[BlackTeam "Aegean"]
[TimeControl "40/5400+30:1800+30"]

1. d4 Nf6 2. Nc3 d5 3. Bg5 {[%emt 0:00:30]} Nbd7 {[%emt 0:02:00]} 4. Nf3 {[%emt 0:00:30]} g6 {[%emt 0:01:30]} 5. e3 {[%emt 0:02:30]} Bg7 {[%emt 0:00:00]} 6. Bd3 {[%emt 0:00:30]} O-O {[%emt 0:00:00]} 7. O-O {[%emt 0:00:30]} c5 {[%emt 0:00:30]} 8. Bxf6 {[%emt 0:02:30]} Nxf6 {[%emt 0:03:30]} 9. Re1 {[%emt 0:05:30]} b6 {[%emt 0:07:30]} 10. b3 {[%emt 0:06:30]} Bb7 {[%emt 0:04:30]} 11. Ne5 {[%emt 0:15:30]} Rc8 {[%emt 0:18:30]} 12. Na4 {[%emt 0:13:30]} Ne4 {[%emt 0:14:30]} 13. Qe2 {[%emt 0:04:30]} e6 {[%emt 0:06:30]} 14. Rad1 {[%emt 0:05:30]} Qc7 {[%emt 0:06:30]} 15. f3 {[%emt 0:01:30]} Nd6 {[%emt 0:01:30]} 16. c3 {[%emt 0:16:30]} f6 {[%emt 0:11:30]} 17. Ng4 {[%emt 0:01:30]} c4 {[%emt 0:00:30]} 18. Bb1 {[%emt 0:01:30]} Bc6 {[%emt 0:01:01]} 19. e4 {[%emt 0:06:03]} cxb3 {[%emt 0:04:22]} 20. axb3 {[%emt 0:00:22]} dxe4 {[%emt 0:06:39]} 21. fxe4 {[%emt 0:01:05]} Bxa4 {[%emt 0:03:41]} 22. bxa4 {[%emt 0:00:47]} Qxc3 {[%emt 0:00:42]} 23. e5 {[%emt 0:02:15]} fxe5 {[%emt 0:01:56]} 24. dxe5 {[%emt 0:02:52]} Nf5 {[%emt 0:02:48]} 25. Ba2 {[%emt 0:01:52]} Qc5+ {[%emt 0:00:43]} 26. Kh1 {[%emt 0:00:16]} Qe7 {[%emt 0:01:16]} 27. Nf6+ {[%emt 0:05:13]} Bxf6 {[%emt 0:01:46]} 28. exf6 {[%emt 0:00:06]} Rxf6 {[%emt 0:00:30]} 29. Bxe6+ {[%emt 0:00:30]} Rxe6 {[%emt 0:00:00]} 30. Qxe6+ {[%emt 0:00:00]} Qxe6 {[%emt 0:00:23]} 31. Rxe6 {[%emt 0:00:00]} Kf7 {[%emt 0:00:40]} 32. Re5 {[%emt 0:01:11]} Rc4 {[%emt 0:00:31]} 33. a5 {[%emt 0:00:41]} Kf6 {[%emt 0:00:27]} 34. Rb5 {[%emt 0:00:53]} Nd4 {[%emt 0:00:33]} 35. axb6 {[%emt 0:01:09]} axb6 {[%emt 0:00:58]} 36. Rxb6+ {[%emt 0:00:09]} Kg5 {[%emt 0:00:27]} 37. Rb7 {[%emt 0:00:30]} h5 {[%emt 0:00:30]} 38. Rdb1 {[%emt 0:00:30]} Rc2 {[%emt 0:00:30]} 39. R7b2 {[%emt 0:00:30]} Rc3 {[%emt 0:00:04]} 40. Rb4 {[%emt 0:02:01]} Rd3 {[%emt 0:01:03]} 41. Rc1 {[%emt 0:02:35]} Rd2 {[%emt 0:04:30]} 42. h4+ {[%emt 0:04:30]} Kh6 {[%emt 0:04:30]} 43. Rb7 {[%emt 0:01:30]} Nf5 {[%emt 0:03:32]} 44. Rb4 {[%emt 0:04:30]} Ne3 {[%emt 0:01:26]} 45. Re4 {[%emt 0:02:30]} Ng4 {[%emt 0:10:44]} 46. Re7 {[%emt 0:00:29]} Rd4 {[%emt 0:06:36]} 47. Kg1 {[%emt 0:01:04]} Rd6 {[%emt 0:00:47]} 48. Rce1 {[%emt 0:00:43]} Rd3 {[%emt 0:01:22]} 49. Kf1 {[%emt 0:01:55]} Rd2 {[%emt 0:00:04]} 50. Rf7 {[%emt 0:00:44]} Nh2+ {[%emt 0:01:16]} 51. Kg1 {[%emt 0:00:04]} Ng4 {[%emt 0:00:00]} 52. g3 {[%emt 0:02:33]} Rd8 {[%emt 0:00:35]} 53. Ree7 {[%emt 0:00:20]} Rh8 {[%emt 0:00:58]} 54. Kg2 {[%emt 0:00:09]} 1-0

[Event "22nd ECCC Women 2017"]
[Site "Antalya"]
[Date "2017.10.11"]
[Round "2"]
[White "Neuhauser, Salome"]
[Black "Ozbek, Busra"]
[Result "1-0"]
[WhiteElo "2140"]
[BlackElo "1850"]
[Annotator "ChessBase"]
[PlyCount "97"]
[EventType "team-tourn"]
[EventCountry "TUR"]
[WhiteTeam "Mulhouse Philidor"]
[BlackTeam "Mediterranean"]
[TimeControl "40/5400+30:1800+30"]

1. e4 c5 2. Nf3 e6 3. c3 Nf6 {[%emt 0:01:00]} 4. Bd3 {[%emt 0:04:00]} Nc6 {[%emt 0:08:30]} 5. O-O {[%emt 0:00:30]} d5 {[%emt 0:04:30]} 6. e5 {[%emt 0:05:30]} Nd7 {[%emt 0:02:30]} 7. Re1 {[%emt 0:02:30]} Qc7 {[%emt 0:05:30]} 8. Qe2 {[%emt 0:05:30]} c4 {[%emt 0:15:30]} 9. Bc2 {[%emt 0:00:00]} b5 {[%emt 0:02:30]} 10. d4 {[%emt 0:04:00]} h6 {[%emt 0:08:30]} 11. Nbd2 {[%emt 0:07:30]} Be7 {[%emt 0:02:30]} 12. Nf1 {[%emt 0:00:30]} Bb7 {[%emt 0:02:30]} 13. Bd2 {[%emt 0:48:58]} a5 {[%emt 0:08:30]} 14. b3 {[%emt 0:00:30]} Nb6 {[%emt 0:00:30]} 15. Ne3 {[%emt 0:00:30]} Ba6 {[%emt 0:00:30]} 16. bxc4 {[%emt 0:00:30]} dxc4 {[%emt 0:00:30]} 17. Be4 {[%emt 0:00:30]} Rd8 {[%emt 0:00:30]} 18. a3 {[%emt 0:13:02]} Bb7 {[%emt 0:20:26]} 19. Nf1 {[%emt 0:00:30]} Na7 {[%emt 0:00:30]} 20. Ng3 {[%emt 0:00:30]} Bxe4 {[%emt 0:00:30]} 21. Qxe4 {[%emt 0:00:30]} Nd5 {[%emt 0:00:30]} 22. Qg4 {[%emt 0:00:30]} g6 {[%emt 0:00:30]} 23. Ne4 {[%emt 0:02:09]} Nc8 {[%emt 0:14:20]} 24. Nh4 {[%emt 0:03:08]} g5 {[%emt 0:00:30]} 25. Nf3 {[%emt 0:00:30]} h5 {[%emt 0:00:30]} 26. Qg3 {[%emt 0:00:30]} g4 {[%emt 0:00:30]} 27. Nfg5 {[%emt 0:00:30]} Ncb6 {[%emt 0:00:30]} 28. f3 {[%emt 0:00:30]} b4 {[%emt 0:00:30]} 29. axb4 {[%emt 0:00:30]} axb4 {[%emt 0:00:30]} 30. fxg4 {[%emt 0:00:30]} hxg4 {[%emt 0:00:30]} 31. Rf1 {[%emt 0:00:30]} Bxg5 {[%emt 0:00:30]} 32. Bxg5 {[%emt 0:00:30]} Rd7 {[%emt 0:00:30]} 33. cxb4 {[%emt 0:00:30]} c3 {[%emt 0:00:30]} 34. Rac1 {[%emt 0:00:30]} Qc4 {[%emt 0:00:00]} 35. Nd6+ {[%emt 0:00:09]} Rxd6 {[%emt 0:00:00]} 36. exd6 {[%emt 0:00:30]} Qxd4+ {[%emt 0:00:00]} 37. Kh1 {[%emt 0:00:30]} Qxb4 {[%emt 0:00:00]} 38. Rb1 {[%emt 0:00:30]} Qc5 {[%emt 0:00:00]} 39. d7+ {[%emt 0:00:30]} Kxd7 {[%emt 0:00:00]} 40. Rxf7+ {[%emt 0:00:00]} Kc6 {[%emt 0:04:44]} 41. Re1 {[%emt 0:08:04]} Kb5 {[%emt 0:02:30]} 42. Qd3+ {[%emt 0:00:30]} Qc4 {[%emt 0:00:30]} 43. Rb1+ {[%emt 0:00:30]} Nb4 {[%emt 0:00:30]} 44. Qxc4+ {[%emt 0:00:30]} Kxc4 {[%emt 0:00:30]} 45. Rf4+ {[%emt 0:00:30]} Kd3 {[%emt 0:00:30]} 46. Rfxb4 {[%emt 0:00:30]} Nd5 {[%emt 0:00:30]} 47. Rxg4 {[%emt 0:00:30]} c2 {[%emt 0:00:30]} 48. Rb3+ {[%emt 0:00:30]} Ke2 {[%emt 0:00:30]} 49. Re4+ {[%emt 0:00:30]} 1-0